000 00569cab a2200217 4500
001 X2687
008 090401t1991 xxu||||| |||| 00| 0 eng d
035 _a(Sirsi) u25801
041 _aeng
100 _aSchenck, K. von
245 _aOpen-end German property funds
260 _c1991
350 _a0
490 _aJournal of Property Finance
_v2 (1) Summer 1991, 57-62(4)
650 _aGERMANY
650 _aOPEN-ENDED PROPERTY FUNDS
650 _aPROPERTY FINANCE
690 _aPROPERTY-PROPERTY FINANCE AND INVESTMENT
942 _n0
948 _c04/03/1997
999 _c17341
_d17341